000 00973nam a2200229 i 4500
005 20260128113316.0
008 250721s2010 jo gr 000 0 ara d
020 _a9789957118525
082 1 4 _a364
_bر ب ي
100 1 _aربيع، عمادمحمد
_eمؤلف.
245 1 0 _aأصول علم الإجرام والعقاب /
_cتأليف الاستاذ الدكتور عماد محمد ربيع، العقيد الدكتور فتحي توفيق الفاعوري، القاضي الدكتور محمدعبد الكريم العفيف.
250 _aالطبعة الاولى.
264 1 _aعمان :
_bدار وائل للنشر،
_c2010.
300 _a256 صفحة.
650 1 7 _aعلم الجريمة.
650 1 7 _aالجريمة.
650 1 7 _aالعقاب.
700 1 _aالفاعوري، فتحي توفيق
_eمؤلف.
700 1 _aالعفيف، محمد عبد الكريم
_eمؤلف.
942 _2ddc
_cBK
999 _c119967
_d119967